|
|
|
|
| LEADER |
00000cam a2200000 7i4500 |
| 001 |
0000006636 |
| 002 |
000007158 |
| 005 |
20000330.0 |
| 020 |
|
|
|a 9836229787
|
| 090 |
0 |
0 |
|a 297.122
|b SYA
|
| 100 |
1 |
|
|a Syalabiy, Saad Ismail
|
| 245 |
1 |
0 |
|a Baitullah
|c Saad Ismail Syalabiy ; penterjemah Hj. Abdul Rahman Ahmad
|
| 260 |
|
|
|a Cairo :
|b Dar Al-FIkir Al-Arabi ,
|c 1993
|
| 300 |
|
|
|a 34p. :
|b ill ;
|c 23cm.
|
| 490 |
0 |
|
|a Siri pendidikan Al Quran untuk kanak-kanak
|
| 650 |
0 |
0 |
|a Islamic stories, Malay
|
| 999 |
|
|
|a 039899
|b BUKU
|c PINJAMAN
|e PERPUSTAKAAN KOMUNITI PETALING JAYA
|
| 999 |
|
|
|a 039900
|b BUKU
|c PINJAMAN
|e PERPUSTAKAAN KOMUNITI PETALING JAYA
|
| 999 |
|
|
|a 046282
|b BUKU
|c PINJAMAN
|e PERPUSTAKAAN KOMUNITI CAW KOTA DAMANSARA
|
| 999 |
|
|
|a 046283
|b BUKU
|c JUNIOR BOOKS
|e PERPUSTAKAAN KOMUNITI CAW KOTA DAMANSARA
|
| 999 |
|
|
|a 054735
|b BUKU
|c JUNIOR BOOKS
|e PERPUSTAKAAN KOMUNITI CAW KOTA DAMANSARA
|